Innovations and New Technology – What is Their Role in the Economy?
Inovácie sa stali dôležitou súčasťou modernej ekonomickej aktivity štátu. Efektívne a úspešné inovácie zohrávajú nevyhnutnú úlohu v konkurencieschopnosti štátu. Úloha inovácií v modernom hospodárstve.
Salvato in:
| Autore principale: | |
|---|---|
| Natura: | Capitolo di libro |
| Lingua: | inglese |
| Soggetti: | |
| Tags: |
Nessun Tag, puoi essere il primo ad aggiungerne!!
|
MARC
| LEADER | 00000nla a2200000 4500 | ||
|---|---|---|---|
| 001 | 0213360 | ||
| 005 | 20240502073544.9 | ||
| 041 | 0 | |a eng | |
| 044 | |a SK | ||
| 245 | 1 | 0 | |a Innovations and New Technology – What is Their Role in the Economy? |c Denis Braga |
| 520 | |a Inovácie sa stali dôležitou súčasťou modernej ekonomickej aktivity štátu. Efektívne a úspešné inovácie zohrávajú nevyhnutnú úlohu v konkurencieschopnosti štátu. Úloha inovácií v modernom hospodárstve. | ||
| 610 | 2 | 0 | |a inovácia |
| 610 | 2 | 0 | |a transfer inovácií |
| 610 | 2 | 0 | |a modernizácia |
| 610 | 2 | 0 | |a technológie nové |
| 610 | 2 | 0 | |a centrá inovačné |
| 610 | 2 | 0 | |a efektívnosť inovácií |
| 610 | 2 | 0 | |a konkurencieschopnosť |
| 100 | 1 | |a Braga, Denys | |